La vivienda de fines del siglo XIX en Valparaíso: casas de Playa Ancha
Saved in:
| Hovedforfatter: | |
|---|---|
| Format: | Bog |
| Sprog: | spansk |
| Udgivet: |
Santiago
Fondo Nacional de Desarrollo Científico y Tecnológico
1988
|
| Fag: | |
| Tags: |
Tilføj Tag
Ingen Tags, Vær først til at tagge denne postø!
|
MARC
| LEADER | 00000nam a2200000 a 4500 | ||
|---|---|---|---|
| 001 | UCV7695 | ||
| 003 | CL-VaPUC | ||
| 008 | 890602e19880000CL |||||||||||||||||spa|d | ||
| 082 | 0 | 4 | |a 728.83255 |b WAI |2 21 |
| 100 | |a Waisberg Izacson, Myriam |e autora |9 301832 | ||
| 245 | 1 | 3 | |a La vivienda de fines del siglo XIX en Valparaíso: casas de Playa Ancha |
| 300 | |a 108 p | ||
| 942 | |c BK | ||
| 945 | |d 19890602 00:00:00 |a mfernand | ||
| 260 | |a Santiago |b Fondo Nacional de Desarrollo Científico y Tecnológico |c 1988 | ||
| 650 | 0 | |a Arquitectura chilena |9 265393 | |
| 650 | 0 | |a Viviendas |9 255326 | |
| 650 | 7 | |a DISEÑOS Y PLANOS |2 CL-VaPUC |9 262672 | |
| 651 | 0 | |a Playa Ancha, Valparaíso |9 265394 | |
| 651 | 7 | |a CHILE |2 CL-VaPUC |9 301833 | |
| 651 | 0 | |a Valparaíso, Chile |9 261144 | |
| 583 | |a last modification |c 19890602 00:00:00 |k Rodrigo Vera | ||
| 999 | |c 213336 |d 213334 | ||
| 952 | |0 0 |1 0 |4 0 |6 728_832550000000000_WAI_1988 |7 0 |8 R |9 195626 |a BIBARQ |b BIBARQ |d 2019-11-14 |i 2636468 |o 728.83255 WAI 1988 |p 2636468 |r 2025-01-20 |w 2019-11-14 |y BK_R |k ARQ | ||
| 952 | |0 0 |1 0 |4 0 |6 728_832550000000000_WAI_1988 |7 0 |8 A |9 195627 |a BIBING |b BIBING |d 2019-11-14 |i 2636476 |l 4 |o 728.83255 WAI 1988 |p 2636476 |r 2025-01-20 |s 2024-11-21 |w 2019-11-14 |y BK |k GEO | ||
| 952 | |0 0 |1 0 |4 0 |6 728_832550000000000_WAI_1988 |7 0 |8 R |9 195628 |a BIBART |b BIBART |d 2019-11-14 |i 2975890 |l 1 |o 728.83255 WAI 1988 |p 2975890 |r 2025-03-13 |s 2022-06-15 |w 2019-11-14 |y BK_R |k ART | ||
| 952 | |0 0 |1 0 |4 0 |6 728_832550000000000_WAI_1988 |7 0 |8 X |9 195629 |a BIBHIS |b BIBHIS |d 2019-11-14 |i 3078248 |o 728.83255 WAI 1988 |p 3078248 |r 2024-01-30 |w 2019-11-14 |y BK_X |k HIS | ||
| 952 | |0 0 |1 0 |4 0 |6 728_832550000000000_WAI_1988 |7 0 |8 X |9 195630 |a BIBHIS |b BIBHIS |d 2019-11-14 |i 3769240 |o 728.83255 WAI 1988 |p 3769240 |r 2024-01-30 |w 2019-11-14 |y BK_X |k HIS | ||
| 952 | |0 0 |1 0 |4 0 |6 728_832550000000000_WAI_1988 |7 0 |8 X |9 195631 |a BIBHIS |b BIBHIS |d 2019-11-14 |i 3747646 |o 728.83255 WAI 1988 |p 3747646 |r 2024-01-30 |w 2019-11-14 |y BK_X |k HIS | ||
| 952 | |0 0 |1 0 |4 0 |6 728_832550000000000_WAI_1988 |7 0 |8 X |9 195632 |a BIBHIS |b BIBHIS |d 2019-11-14 |i 4116518 |o 728.83255 WAI 1988 |p 4116518 |r 2024-01-30 |w 2019-11-14 |y BK_X |k HIS | ||